LDR 01382naa#a2200265#i#450# 001 RU\\bibl\126659 005 20260703140945.5 011 ## _a2074-9414 100 ## _a20260630b2026####ek#y0rusy0150####ca 101 0# _aRUS 102 ## _aRU 200 1# _aИзучение свойств штаммов Streptococcus thermophilus и конструирование микробных консорциумов с их участием _eЖурнальная статья 210 1# _aКемерово _cКемеровский государственный университет _d2026 215 ## _a11 с. 608 ## _aЖурнальная статья _2local 675 ## _aСельское хозяйство. Лесное хозяйство. Охота. Рыбное хозяйство. 63 _zRUS 700 #1 _aКишилова _gСветлана Анатольевна 700 #1 _aЛеонова _gВиктория Александровна 700 #1 _aМитрова _gВера Анатольевна 700 #1 _aСеменова _gВиктория Александровна 700 #1 _aПряничникова _gНаталия Сергеевна 700 #1 _aСемипятный _gВладислав Константинович 700 #1 _aРожкова _gИрина Владимировна 700 #1 _aГалстян _gАрам Генрихович 856 4# _ajcenter.kemsu.ru _u